000 00570nam a2200169 a 4500
001 000025407
005 20200930023751.0
008 100702s1962 ag r 000 |aspa d
040 _aDO-SdBNP
_bspa
_cBNPHU
082 _axxx
_bP163a
100 1 _aPalisa Mujica de Lacau, María Hortensia
_952009
245 1 0 _aAntología comentarios de textos /
_cMaría Hortensia Palisa Mujica de Lacau , Mabel V. Manacorda de Rosetti.
260 _aBuenos Aires :
_bKapelusz,
_c1962.
300 _a313 p. : ;
_c20 cm.
700 1 _aMabel V. Manacorda de Rosetti
_952010
049 _aBNGR
999 _c24899
_d24899